| 000 | 00653 am a2200217 4500 | ||
|---|---|---|---|
| 001 | 173565 | ||
| 003 | ES-MaACL | ||
| 005 | 20250514194755.0 | ||
| 008 | 091209s2009 sp | |||||||| | spa d | ||
| 020 | _a978-84-95110-73-2 | ||
| 040 | _aSpMaBN | ||
| 080 | _a821.134.2-14"19" | ||
| 100 | 1 |
_aLópez Gorgé, Jacinto, _d1925-2008 _973685 |
|
| 245 | 1 | 0 |
_aObra poética / _cJacinto López Gorgé ; edición de Antonio Abad. |
| 250 | _a1ª ed. | ||
| 260 |
_aMelilla : _bConsejería de Cultura, _c2009. |
||
| 300 |
_a350 p. ; _c22 cm. |
||
| 700 | 1 |
_aAbad, Antonio, _d1949- _917896 |
|
| 852 |
_aES-MaACL _jA-9758 |
||
| 999 |
_c173565 _d173565 |
||